000 00592nam a2200217Ia 4500
003 OSt
005 20220926044519.0
006 a|||||r|||| 00| 0
007 ta
008 220923b |||||||| |||| 00| 0 eng d
037 _cGeneral Book
040 _aRTL
_cRTL
_beng
041 _2eng
_aeng
082 _aU8.27136.N1, E0
100 _aBradley-Birt F B
_997625
245 0 _aChota Nagpur
_b A little known province of the empi
260 _c1910
650 _aTravels
_9238248
942 _hU8.27136.N1, E0
_cGB
_2CC
999 _c675051
_d675051